[Event "3rd Memorial Warakomska 2019"]
[Site "Suwalki"]
[Date "2019.08.08"]
[Round "5.29"]
[White "Suliborski, Jakub"]
[Black "Koziol, Kamil"]
[Result "1-0"]
[WhiteElo "2131"]
[BlackElo "2307"]
[Annotator "NA"]
[PlyCount "121"]
[EventDate "2019.08.05"]
[EventType "swiss"]
[EventCountry "POL"]
[SourceTitle "playchess.com"]
[Source "ChessBase"]
[SourceQuality "1"]
[TimeControl "40/5400+30:1800+30"]

1. d4 {[%emt 0:00:00]} Nf6 {[%emt 0:00:09]} 2. Nf3 {[%emt 0:00:00]} e6 {[%emt 0:00:58]} 3. c4 {[%emt 0:00:00]} c5 {[%emt 0:01:21]} 4. d5 {[%emt 0:01:00]} b5 {[%emt 0:00:28]} 5. dxe6 {[%emt 0:02:43]} fxe6 {[%emt 0:00:13]} 6. cxb5 {[%emt 0:00:03]} d5 {[%emt 0:00:20]} 7. e3 {[%emt 0:00:16]} Be7 {[%emt 0:11:24]} 8. Nbd2 {[%emt 0:00:09]} O-O {[%emt 0:01:43]} 9. b3 {[%emt 0:01:52]} a6 {[%emt 0:10:48]} 10. Bb2 {[%emt 0:03:00]} Qb6 {[%emt 0:03:02]} 11. bxa6 {[%emt 0:01:48]} Nxa6 {[%emt 0:01:23]} 12. Be2 {[%emt 0:01:24]} Nb4 {[%emt 0:01:05]} 13. a3 {[%emt 0:05:13]} Nc6 {[%emt 0:00:50]} 14. O-O {[%emt 0:00:45]} Qc7 {[%emt 0:09:37]} 15. Qc2 {[%emt 0:06:18]} Bd6 {[%emt 0:09:41]} 16. Rac1 {[%emt 0:09:22]} Bd7 {[%emt 0:12:43]} 17. Bd3 {[%emt 0:04:26]} e5 {[%emt 0:02:29]} 18. e4 {[%emt 0:00:06]} d4 {[%emt 0:01:04]} 19. Nc4 {[%emt 0:03:17]} Be7 {[%emt 0:01:52]} 20. b4 {[%emt 0:02:38]} Bg4 {[%emt 0:04:34]} 21. Ncd2 {[%emt 0:07:04]} Nh5 {[%emt 0:01:02]} 22. Qb3+ {[%emt 0:11:56]} Kh8 {[%emt 0:00:29]} 23. Bb5 {[%emt 0:00:15]} Nd8 {[%emt 0:02:09]} 24. h3 {[%emt 0:02:43]} Be6 {[%emt 0:01:30]} 25. Bc4 {[%emt 0:00:11]} Nf4 {[%emt 0:00:18]} 26. Rfe1 {[%emt 0:01:10]} Rf6 {[%emt 0:02:10]} 27. Nf1 {[%emt 0:07:32]} Bxh3 {[%emt 0:03:45]} 28. g3 {[%emt 0:02:07]} Nfe6 {[%emt 0:04:51]} 29. N1h2 {[%emt 0:00:55]} Nf7 {[%emt 0:01:25]} 30. Rc2 {[%emt 0:03:21]} Nfg5 {[%emt 0:00:50]} 31. Nxg5 {[%emt 0:00:43]} Nxg5 {[%emt 0:00:05]} 32. Bc1 {[%emt 0:00:14]} Rg6 {[%emt 0:02:44]} 33. Bxg5 {[%emt 0:11:31]} Rxg5 {[%emt 0:01:22]} 34. Bf7 {[%emt 0:02:42]} Bd7 {[%emt 0:01:20]} 35. b5 {[%emt 0:02:40]} Qa5 {[%emt 0:05:52]} 36. Rb1 {[%emt 0:00:07]} Rb8 {[%emt 0:00:43]} 37. a4 {[%emt 0:00:29]} g6 {[%emt 0:00:31]} 38. Nf3 {[%emt 0:00:56]} Rh5 {[%emt 0:00:06]} 39. Qd5 {[%emt 0:01:20]} Qc7 {[%emt 0:00:41]} 40. Rcb2 {[%emt 0:00:00]} Kg7 {[%emt 0:00:00]} 41. b6 {[%emt 0:05:31]} Qd6 {[%emt 0:06:38]} 42. Qxd6 {[%emt 0:02:20]} Bxd6 {[%emt 0:00:36]} 43. Bd5 {[%emt 0:00:03]} c4 {[%emt 0:02:13]} 44. Bxc4 {[%emt 0:01:41]} Bxa4 {[%emt 0:00:08]} 45. Bd5 {[%emt 0:00:13]} g5 {[%emt 0:04:10]} 46. Ra1 {[%emt 0:00:50]} Be8 {[%emt 0:03:30]} 47. Ra7+ {[%emt 0:00:06]} Kf6 {[%emt 0:00:19]} 48. Nd2 {[%emt 0:02:51]} Bc5 {[%emt 0:01:17]} 49. Ra5 {[%emt 0:01:25]} Be7 {[%emt 0:00:15]} 50. Nc4 {[%emt 0:00:14]} Bd7 {[%emt 0:00:12]} 51. f3 {[%emt 0:04:10]} d3 {[%emt 0:00:18]} 52. g4 {[%emt 0:01:09]} Rh4 {[%emt 0:00:46]} 53. b7 {[%emt 0:00:14]} h5 {[%emt 0:01:05]} 54. Ra8 {[%emt 0:05:12]} Bc5+ {[%emt 0:02:27]} 55. Kg2 {[%emt 0:03:14]} hxg4 {[%emt 0:00:21]} 56. Rxb8 {[%emt 0:01:18]} gxf3+ {[%emt 0:00:09]} 57. Kxf3 {[%emt 0:00:15]} Rf4+ {[%emt 0:00:28]} 58. Kg2 {[%emt 0:00:17]} Rg4+ {[%emt 0:00:15]} 59. Kh1 {[%emt 0:00:27]} Rg1+ {[%emt 0:00:31]} 60. Kh2 {[%emt 0:00:07]} g4 {[%emt 0:00:06]} 61. Rg2 {[%emt 0:01:43]} 1-0

[Event "3rd Memorial Warakomska 2019"]
[Site "Suwalki"]
[Date "2019.08.08"]
[Round "5.30"]
[White "Reza, Wojciech"]
[Black "Sanz Wawer, Daniel"]
[Result "1/2-1/2"]
[WhiteElo "2261"]
[BlackElo "2154"]
[Annotator "NA"]
[PlyCount "63"]
[EventDate "2019.08.05"]
[EventType "swiss"]
[EventCountry "POL"]
[SourceTitle "playchess.com"]
[Source "ChessBase"]
[SourceQuality "1"]
[TimeControl "40/5400+30:1800+30"]

1. d4 {[%emt 0:00:00]} Nf6 {[%emt 0:00:00]} 2. c4 {[%emt 0:00:46]} e6 {[%emt 0:00:00]} 3. Nc3 {[%emt 0:01:42]} Bb4 {[%emt 0:00:00]} 4. f3 {[%emt 0:10:00]} d5 {[%emt 0:02:04]} 5. a3 {[%emt 0:01:16]} Be7 {[%emt 0:05:11]} 6. e4 {[%emt 0:12:27]} dxe4 {[%emt 0:00:24]} 7. fxe4 {[%emt 0:00:04]} e5 {[%emt 0:00:57]} 8. d5 {[%emt 0:01:03]} Bc5 {[%emt 0:04:57]} 9. Nf3 {[%emt 0:17:13]} Bg4 {[%emt 0:04:57]} 10. Be2 {[%emt 0:21:49]} Bxf3 {[%emt 0:00:07]} 11. Bxf3 {[%emt 0:00:11]} a5 {[%emt 0:00:04]} 12. Bd2 {[%emt 0:07:58]} Nbd7 {[%emt 0:01:14]} 13. Rb1 {[%emt 0:10:12]} Qe7 {[%emt 0:01:45]} 14. Qe2 {[%emt 0:05:18]} a4 {[%emt 0:03:35]} 15. g4 {[%emt 0:01:29]} h6 {[%emt 0:03:03]} 16. h4 {[%emt 0:01:14]} Bb6 {[%emt 0:03:26]} 17. Nb5 {[%emt 0:02:53]} Rd8 {[%emt 0:25:13]} 18. Bb4 {[%emt 0:01:48]} Nc5 {[%emt 0:01:43]} 19. Rd1 {[%emt 0:00:15]} c6 {[%emt 0:07:14]} 20. d6 {[%emt 0:01:09]} Qd7 {[%emt 0:00:05]} 21. Nc7+ {[%emt 0:00:59]} Kf8 {[%emt 0:00:22]} 22. Qe3 {[%emt 0:00:27]} Nxg4 {[%emt 0:12:21]} 23. Bxg4 {[%emt 0:00:03]} Qxg4 {[%emt 0:00:24]} 24. Bxc5 {[%emt 0:00:03]} Bxc5 {[%emt 0:00:16]} 25. Qxc5 {[%emt 0:00:09]} Qxe4+ {[%emt 0:00:07]} 26. Kf2 {[%emt 0:00:36]} Qc2+ {[%emt 0:01:05]} 27. Ke3 {[%emt 0:00:49]} Qxb2 {[%emt 0:02:41]} 28. Rd2 {[%emt 0:00:28]} Qc3+ {[%emt 0:00:32]} 29. Rd3 {[%emt 0:00:06]} Qb2 {[%emt 0:00:01]} 30. Rd2 {[%emt 0:00:31]} Qc3+ {[%emt 0:00:20]} 31. Rd3 {[%emt 0:00:05]} Qb2 {[%emt 0:00:32]} 32. Rd2 {[%emt 0:02:23]} 1/2-1/2

[Event "3rd Memorial Warakomska 2019"]
[Site "Suwalki"]
[Date "2019.08.08"]
[Round "5.31"]
[White "Lisowski, Krzysztof"]
[Black "Molenda, Marcin"]
[Result "0-1"]
[WhiteElo "2187"]
[BlackElo "2387"]
[Annotator "NA"]
[PlyCount "60"]
[EventDate "2019.08.05"]
[EventType "swiss"]
[EventCountry "POL"]
[SourceTitle "playchess.com"]
[Source "ChessBase"]
[SourceQuality "1"]
[TimeControl "40/5400+30:1800+30"]

1. e4 {[%emt 0:00:00]} c5 {[%emt 0:00:00]} 2. Nf3 {[%emt 0:00:06]} e6 {[%emt 0:00:00]} 3. d3 {[%emt 0:02:34]} b6 {[%emt 0:02:18]} 4. g3 {[%emt 0:00:55]} Bb7 {[%emt 0:01:02]} 5. Bg2 {[%emt 0:00:51]} d6 {[%emt 0:01:47]} 6. O-O {[%emt 0:03:02]} Nf6 {[%emt 0:02:15]} 7. Re1 {[%emt 0:10:40]} Nbd7 {[%emt 0:02:53]} 8. c3 {[%emt 0:09:36]} Be7 {[%emt 0:04:15]} 9. Nbd2 {[%emt 0:01:02]} O-O {[%emt 0:00:40]} 10. a3 {[%emt 0:10:53]} Rc8 {[%emt 0:01:23]} 11. b4 {[%emt 0:02:51]} cxb4 {[%emt 0:00:53]} 12. axb4 {[%emt 0:04:08]} Rxc3 {[%emt 0:10:16]} 13. Rxa7 {[%emt 0:02:16]} Qb8 {[%emt 0:07:36]} 14. Ra3 {[%emt 0:00:14]} Qc7 {[%emt 0:06:00]} 15. Nb3 {[%emt 0:21:17]} d5 {[%emt 0:05:18]} 16. Nfd4 {[%emt 0:17:21]} Bxb4 {[%emt 0:05:00]} 17. Nb5 {[%emt 0:03:34]} Rxc1 {[%emt 0:00:44]} 18. Qxc1 {[%emt 0:01:19]} Qxc1 {[%emt 0:03:01]} 19. Rxc1 {[%emt 0:00:04]} Bxa3 {[%emt 0:00:13]} 20. Nxa3 {[%emt 0:00:04]} dxe4 {[%emt 0:00:23]} 21. Rc7 {[%emt 0:06:00]} Bd5 {[%emt 0:00:40]} 22. Nd2 {[%emt 0:01:10]} exd3 {[%emt 0:00:54]} 23. Bxd5 {[%emt 0:00:17]} exd5 {[%emt 0:00:04]} 24. Rc3 {[%emt 0:00:45]} Nc5 {[%emt 0:00:11]} 25. f3 {[%emt 0:00:26]} Re8 {[%emt 0:00:55]} 26. Kf1 {[%emt 0:00:29]} d4 {[%emt 0:01:17]} 27. Rc4 {[%emt 0:00:17]} Nd5 {[%emt 0:02:22]} 28. Rxd4 {[%emt 0:00:21]} Ne3+ {[%emt 0:00:07]} 29. Kf2 {[%emt 0:01:02]} Nc2 {[%emt 0:00:04]} 30. Nxc2 {[%emt 0:00:42]} dxc2 {[%emt 0:00:05]} 0-1

[Event "3rd Memorial Warakomska 2019"]
[Site "Suwalki"]
[Date "2019.08.08"]
[Round "5.32"]
[White "Paszewski, Mateusz"]
[Black "Balinski, Damian"]
[Result "1/2-1/2"]
[WhiteElo "2324"]
[BlackElo "2176"]
[Annotator "NA"]
[PlyCount "110"]
[EventDate "2019.08.05"]
[EventType "swiss"]
[EventCountry "POL"]
[SourceTitle "playchess.com"]
[Source "ChessBase"]
[SourceQuality "1"]
[TimeControl "40/5400+30:1800+30"]

1. e4 {[%emt 0:00:00]} c5 {[%emt 0:00:00]} 2. Nf3 {[%emt 0:00:19]} Nc6 {[%emt 0:00:00]} 3. d4 {[%emt 0:00:26]} cxd4 {[%emt 0:00:00]} 4. Nxd4 {[%emt 0:00:04]} g6 {[%emt 0:00:00]} 5. c4 {[%emt 0:00:04]} Nf6 {[%emt 0:00:05]} 6. Nc3 {[%emt 0:00:03]} d6 {[%emt 0:00:18]} 7. f3 {[%emt 0:00:02]} Nxd4 {[%emt 0:00:11]} 8. Qxd4 {[%emt 0:00:02]} Bg7 {[%emt 0:00:09]} 9. Be3 {[%emt 0:00:03]} O-O {[%emt 0:00:12]} 10. Qd2 {[%emt 0:00:02]} Be6 {[%emt 0:00:07]} 11. Bd3 {[%emt 0:00:49]} Qa5 {[%emt 0:01:07]} 12. Rc1 {[%emt 0:01:41]} Rfc8 {[%emt 0:02:40]} 13. b3 {[%emt 0:00:55]} a6 {[%emt 0:12:41]} 14. Ne2 {[%emt 0:00:28]} Qxd2+ {[%emt 0:02:54]} 15. Kxd2 {[%emt 0:00:03]} Nd7 {[%emt 0:00:30]} 16. Nf4 {[%emt 0:01:18]} Nc5 {[%emt 0:01:38]} 17. Be2 {[%emt 0:00:05]} a5 {[%emt 0:03:53]} 18. h4 {[%emt 0:00:09]} Na6 {[%emt 0:03:57]} 19. Rb1 {[%emt 0:22:52]} Nb4 {[%emt 0:08:29]} 20. a3 {[%emt 0:02:16]} Na6 {[%emt 0:04:17]} 21. Nxe6 {[%emt 0:21:17]} fxe6 {[%emt 0:00:03]} 22. h5 {[%emt 0:00:03]} Nc5 {[%emt 0:08:40]} 23. hxg6 {[%emt 0:01:31]} hxg6 {[%emt 0:01:18]} 24. Bd3 {[%emt 0:02:10]} a4 {[%emt 0:11:13]} 25. b4 {[%emt 0:00:39]} Nb3+ {[%emt 0:03:14]} 26. Ke2 {[%emt 0:00:39]} Kf7 {[%emt 0:13:26]} 27. Rh4 {[%emt 0:03:29]} Rh8 {[%emt 0:05:52]} 28. Rg4 {[%emt 0:05:18]} e5 {[%emt 0:02:54]} 29. c5 {[%emt 0:07:39]} Nd4+ {[%emt 0:01:12]} 30. Kf2 {[%emt 0:00:56]} Bh6 {[%emt 0:02:31]} 31. Bxh6 {[%emt 0:02:38]} Rxh6 {[%emt 0:00:02]} 32. cxd6 {[%emt 0:00:05]} exd6 {[%emt 0:00:04]} 33. Rc1 {[%emt 0:00:04]} Re8 {[%emt 0:02:09]} 34. b5 {[%emt 0:09:41]} Rhh8 {[%emt 0:06:12]} 35. Rc7+ {[%emt 0:02:04]} Kf6 {[%emt 0:00:52]} 36. Bc4 {[%emt 0:11:46]} Re7 {[%emt 0:01:34]} 37. Rxg6+ {[%emt 0:04:29]} Kxg6 {[%emt 0:00:02]} 38. Rxe7 {[%emt 0:00:02]} Rc8 {[%emt 0:00:09]} 39. Bf1 {[%emt 0:01:30]} Rc3 {[%emt 0:02:11]} 40. Rxb7 {[%emt 0:00:00]} Rxa3 {[%emt 0:00:00]} 41. Rb6 {[%emt 0:05:19]} Rb3 {[%emt 0:11:40]} 42. Rxd6+ {[%emt 0:01:32]} Kg5 {[%emt 0:01:17]} 43. Ra6 {[%emt 0:00:26]} a3 {[%emt 0:01:20]} 44. b6 {[%emt 0:11:32]} Rb2+ {[%emt 0:03:09]} 45. Kg1 {[%emt 0:03:56]} Nc2 {[%emt 0:04:06]} 46. Bc4 {[%emt 0:00:32]} Ne3 {[%emt 0:01:40]} 47. Bd5 {[%emt 0:00:29]} Kf4 {[%emt 0:03:28]} 48. b7 {[%emt 0:01:38]} Rxg2+ {[%emt 0:06:14]} 49. Kh1 {[%emt 0:00:01]} Rb2 {[%emt 0:01:04]} 50. Rxa3 {[%emt 0:06:34]} Kg3 {[%emt 0:01:33]} 51. Rb3 {[%emt 0:01:15]} Rh2+ {[%emt 0:00:24]} 52. Kg1 {[%emt 0:00:02]} Rg2+ {[%emt 0:00:36]} 53. Kh1 {[%emt 0:00:01]} Rf2 {[%emt 0:01:16]} 54. Rb1 {[%emt 0:00:19]} Rh2+ {[%emt 0:00:42]} 55. Kg1 {[%emt 0:00:01]} Rg2+ {[%emt 0:00:49]} 1/2-1/2

[Event "3rd Memorial Warakomska 2019"]
[Site "Suwalki"]
[Date "2019.08.08"]
[Round "5.33"]
[White "Zakrzewski, Marek"]
[Black "Klimkowski, Jan"]
[Result "0-1"]
[WhiteElo "2311"]
[BlackElo "1985"]
[Annotator "NA"]
[PlyCount "75"]
[EventDate "2019.08.05"]
[EventType "swiss"]
[EventCountry "POL"]
[SourceTitle "playchess.com"]
[Source "ChessBase"]
[SourceQuality "1"]
[TimeControl "40/5400+30:1800+30"]

1. c4 {[%emt 0:00:00]} Nf6 {[%emt 0:00:00]} 2. Nc3 {[%emt 0:00:00]} g6 {[%emt 0:00:00]} 3. g3 {[%emt 0:00:00]} Bg7 {[%emt 0:00:00]} 4. Bg2 {[%emt 0:00:10]} O-O {[%emt 0:00:00]} 5. Nf3 {[%emt 0:00:32]} d6 {[%emt 0:00:06]} 6. O-O {[%emt 0:00:20]} Nc6 {[%emt 0:00:12]} 7. Rb1 {[%emt 0:00:40]} a5 {[%emt 0:00:17]} 8. a3 {[%emt 0:00:06]} e5 {[%emt 0:00:17]} 9. d3 {[%emt 0:00:07]} h6 {[%emt 0:00:46]} 10. b4 {[%emt 0:00:08]} axb4 {[%emt 0:00:37]} 11. axb4 {[%emt 0:00:06]} Be6 {[%emt 0:00:22]} 12. b5 {[%emt 0:00:25]} Ne7 {[%emt 0:00:10]} 13. Bb2 {[%emt 0:02:40]} Qd7 {[%emt 0:00:57]} 14. Qb3 {[%emt 0:04:02]} Kh7 {[%emt 0:03:02]} 15. Ra1 {[%emt 0:05:39]} Rab8 {[%emt 0:02:28]} 16. Rfd1 {[%emt 0:08:36]} Bh3 {[%emt 0:03:53]} 17. Bh1 {[%emt 0:02:06]} Ng4 {[%emt 0:02:42]} 18. d4 {[%emt 0:13:43]} f5 {[%emt 0:14:22]} 19. dxe5 {[%emt 0:01:23]} Nxe5 {[%emt 0:00:32]} 20. Nxe5 {[%emt 0:07:59]} Bxe5 {[%emt 0:00:32]} 21. f4 {[%emt 0:00:43]} Bg7 {[%emt 0:01:10]} 22. c5 {[%emt 0:07:26]} Qe8 {[%emt 0:09:59]} 23. cxd6 {[%emt 0:05:51]} cxd6 {[%emt 0:03:35]} 24. Bf3 {[%emt 0:07:47]} Bg4 {[%emt 0:03:09]} 25. Rxd6 {[%emt 0:04:48]} Bxf3 {[%emt 0:01:23]} 26. exf3 {[%emt 0:00:08]} Rd8 {[%emt 0:06:20]} 27. Qd1 {[%emt 0:06:52]} Nc8 {[%emt 0:03:37]} 28. Rd3 {[%emt 0:07:13]} Nb6 {[%emt 0:02:25]} 29. Rc1 {[%emt 0:06:06]} Nc4 {[%emt 0:02:05]} 30. Ba1 {[%emt 0:00:13]} Qe7 {[%emt 0:05:18]} 31. Na4 {[%emt 0:00:52]} Rxd3 {[%emt 0:02:25]} 32. Qxd3 {[%emt 0:00:12]} Rd8 {[%emt 0:00:18]} 33. Qf1 {[%emt 0:08:14]} Qe3+ {[%emt 0:02:13]} 34. Kh1 {[%emt 0:00:09]} Nd2 {[%emt 0:00:56]} 35. Qe1 {[%emt 0:01:27]} Qxf3+ {[%emt 0:00:42]} 36. Kg1 {[%emt 0:00:02]} Qa3 {[%emt 0:02:00]} 37. Kg2 {[%emt 0:01:10]} Nf3 {[%emt 0:02:07]} 38. Qf2 0-1

[Event "3rd Memorial Warakomska 2019"]
[Site "Suwalki"]
[Date "2019.08.08"]
[Round "5.34"]
[White "Luba, Lukasz"]
[Black "Czerw, Dawid"]
[Result "1/2-1/2"]
[WhiteElo "2177"]
[BlackElo "2326"]
[Annotator "NA"]
[PlyCount "44"]
[EventDate "2019.08.05"]
[EventType "swiss"]
[EventCountry "POL"]
[SourceTitle "playchess.com"]
[Source "ChessBase"]
[SourceQuality "1"]
[TimeControl "40/5400+30:1800+30"]

1. d4 {[%emt 0:00:00]} Nf6 {[%emt 0:00:00]} 2. Nd2 {[%emt 0:00:00]} d5 {[%emt 0:00:16]} 3. e3 {[%emt 0:00:10]} g6 {[%emt 0:01:25]} 4. Bd3 {[%emt 0:00:11]} Bg7 {[%emt 0:00:22]} 5. h3 {[%emt 0:00:07]} O-O {[%emt 0:00:53]} 6. g4 {[%emt 0:00:47]} c5 {[%emt 0:03:24]} 7. c3 {[%emt 0:02:35]} cxd4 {[%emt 0:19:24]} 8. cxd4 {[%emt 0:06:39]} Nc6 {[%emt 0:03:30]} 9. f4 {[%emt 0:07:11]} b6 {[%emt 0:01:10]} 10. a3 {[%emt 0:00:42]} a5 {[%emt 0:02:45]} 11. Qe2 {[%emt 0:00:06]} Nb8 {[%emt 0:03:01]} 12. g5 {[%emt 0:01:59]} Nh5 {[%emt 0:01:33]} 13. Qg2 {[%emt 0:02:31]} Ba6 {[%emt 0:02:12]} 14. Be2 {[%emt 0:01:52]} Bxe2 {[%emt 0:03:59]} 15. Nxe2 {[%emt 0:02:22]} Nc6 {[%emt 0:00:06]} 16. Nf1 {[%emt 0:02:03]} Rc8 {[%emt 0:06:06]} 17. Nfg3 {[%emt 0:04:27]} Nxg3 {[%emt 0:00:21]} 18. Qxg3 {[%emt 0:00:06]} f5 {[%emt 0:07:40]} 19. h4 {[%emt 0:00:17]} Kf7 {[%emt 0:01:45]} 20. h5 {[%emt 0:00:57]} Rh8 {[%emt 0:01:43]} 21. Bd2 {[%emt 0:01:55]} Na7 {[%emt 0:02:34]} 22. Nc3 {[%emt 0:07:44]} Qd7 {[%emt 0:04:30]} 1/2-1/2

[Event "3rd Memorial Warakomska 2019"]
[Site "Suwalki"]
[Date "2019.08.08"]
[Round "5.35"]
[White "Hoffmann, Yair"]
[Black "Szadkowski, Kamil"]
[Result "1/2-1/2"]
[WhiteElo "2099"]
[BlackElo "2245"]
[Annotator "NA"]
[PlyCount "43"]
[EventDate "2019.08.05"]
[EventType "swiss"]
[EventCountry "POL"]
[SourceTitle "playchess.com"]
[Source "ChessBase"]
[SourceQuality "1"]
[TimeControl "40/5400+30:1800+30"]

1. d4 {[%emt 0:00:00]} Nf6 {[%emt 0:00:00]} 2. c4 {[%emt 0:00:00]} g6 {[%emt 0:00:09]} 3. Nc3 {[%emt 0:00:00]} Bg7 {[%emt 0:00:06]} 4. Nf3 {[%emt 0:00:05]} O-O {[%emt 0:00:24]} 5. g3 {[%emt 0:00:09]} Nc6 {[%emt 0:01:00]} 6. Bg2 {[%emt 0:00:23]} d6 {[%emt 0:01:36]} 7. O-O {[%emt 0:00:18]} a6 {[%emt 0:00:31]} 8. d5 {[%emt 0:01:10]} Na5 {[%emt 0:00:09]} 9. b3 {[%emt 0:00:45]} c5 {[%emt 0:00:32]} 10. dxc6 {[%emt 0:01:05]} Nxc6 {[%emt 0:00:05]} 11. Bb2 {[%emt 0:00:21]} Qa5 {[%emt 0:00:18]} 12. Nd5 {[%emt 0:01:46]} Nxd5 {[%emt 0:01:07]} 13. Bxg7 {[%emt 0:00:08]} Nc3 {[%emt 0:00:58]} 14. Bxc3 {[%emt 0:00:11]} Qxc3 {[%emt 0:00:03]} 15. e3 {[%emt 0:01:49]} Rd8 {[%emt 0:08:29]} 16. Nd4 {[%emt 0:11:25]} Bd7 {[%emt 0:08:48]} 17. Qe2 {[%emt 0:06:26]} Rab8 {[%emt 0:07:22]} 18. Rac1 {[%emt 0:01:59]} Qa5 {[%emt 0:01:40]} 19. Rfd1 {[%emt 0:00:44]} Rdc8 {[%emt 0:10:54]} 20. Qb2 {[%emt 0:04:19]} Qh5 {[%emt 0:07:00]} 21. Ne2 {[%emt 0:05:45]} Ne5 {[%emt 0:08:49]} 22. Nd4 {[%emt 0:07:35]} 1/2-1/2

[Event "3rd Memorial Warakomska 2019"]
[Site "Suwalki"]
[Date "2019.08.08"]
[Round "5.36"]
[White "Lis, Mateusz"]
[Black "Kiolbasa, Oliwia"]
[Result "1/2-1/2"]
[WhiteElo "2007"]
[BlackElo "2239"]
[Annotator "NA"]
[PlyCount "59"]
[EventDate "2019.08.05"]
[EventType "swiss"]
[EventCountry "POL"]
[SourceTitle "playchess.com"]
[Source "ChessBase"]
[SourceQuality "1"]
[TimeControl "40/5400+30:1800+30"]

1. e4 {[%emt 0:00:00]} e5 {[%emt 0:01:07]} 2. Nf3 {[%emt 0:00:00]} Nc6 {[%emt 0:00:11]} 3. Bb5 {[%emt 0:00:00]} a6 {[%emt 0:00:08]} 4. Bxc6 {[%emt 0:00:00]} dxc6 {[%emt 0:00:08]} 5. O-O {[%emt 0:00:00]} f6 {[%emt 0:00:13]} 6. d4 {[%emt 0:00:35]} exd4 {[%emt 0:00:10]} 7. Nxd4 {[%emt 0:00:05]} c5 {[%emt 0:00:14]} 8. Ne2 {[%emt 0:00:07]} Qxd1 {[%emt 0:00:14]} 9. Rxd1 {[%emt 0:00:04]} Bd7 {[%emt 0:00:11]} 10. Bf4 {[%emt 0:01:19]} O-O-O {[%emt 0:00:43]} 11. Nbc3 {[%emt 0:00:40]} Ne7 {[%emt 0:00:22]} 12. Bg3 {[%emt 0:02:44]} Re8 {[%emt 0:20:48]} 13. f3 {[%emt 0:05:36]} Bc6 {[%emt 0:04:49]} 14. Nf4 {[%emt 0:15:13]} Ng6 {[%emt 0:06:32]} 15. Nxg6 {[%emt 0:13:29]} hxg6 {[%emt 0:00:14]} 16. Nd5 {[%emt 0:00:32]} Bxd5 {[%emt 0:06:24]} 17. Rxd5 {[%emt 0:01:21]} Rh5 {[%emt 0:04:40]} 18. Rad1 {[%emt 0:00:58]} Rxd5 {[%emt 0:00:45]} 19. Rxd5 {[%emt 0:00:06]} Re6 {[%emt 0:00:23]} 20. c4 {[%emt 0:11:16]} Be7 {[%emt 0:02:01]} 21. Kf2 {[%emt 0:08:23]} b5 {[%emt 0:03:53]} 22. b3 {[%emt 0:06:01]} bxc4 {[%emt 0:03:39]} 23. bxc4 {[%emt 0:00:06]} Rb6 {[%emt 0:00:09]} 24. Rd2 {[%emt 0:00:05]} Rb4 {[%emt 0:02:06]} 25. Rc2 {[%emt 0:00:06]} Bd6 {[%emt 0:00:41]} 26. f4 {[%emt 0:04:01]} a5 {[%emt 0:05:32]} 27. Ke3 {[%emt 0:03:21]} Rb1 {[%emt 0:02:47]} 28. e5 {[%emt 0:02:18]} Be7 {[%emt 0:01:23]} 29. Rc3 {[%emt 0:04:12]} Rb6 {[%emt 0:16:13]} 30. Ra3 {[%emt 0:08:24]} 1/2-1/2